| 000 | 01066nac a22002771i 4500 | ||
|---|---|---|---|
| 003 | EG-ScBUE | ||
| 005 | 20250323094737.0 | ||
| 008 | 250309s1998 mr a f b 001 0 eng d | ||
| 020 | _a9981261920 | ||
| 040 |
_aEG-ScBUE _beng _erda _cEG-ScBUE _dEG-ScBUE |
||
| 082 | 0 | 4 |
_a530 _bQUR _222 |
| 100 | 1 |
_aQurashi, Mazhar M., _eauthor. |
|
| 245 | 1 | 0 |
_aMuslim contributions to pure and applied physics / _cby Mazhar M. Qurashi, B.A. (Hons.), M.Sc., D.Sc., F.P.A.S., F.I.A.S., and Sadrul Hassan Rizvi, B.Sc. (Hons.), M.Sc., Ph.D. |
| 264 | 1 |
_aRabat : _bIslamic Educational, Scientific and Cultural Orgnization (ISESCO), _c1998. |
|
| 300 |
_ax, 135 pages : _billustrations ; _c31 cm |
||
| 336 |
_2rdacontent _atext _btxt |
||
| 337 |
_aunmediated _2rdamedia _bn |
||
| 338 |
_avolume _bnc _2rdacarrier |
||
| 504 | _aIncludes bibliographical references and index. | ||
| 650 | 7 |
_aPhysics. _2BUEsh |
|
| 650 | 7 |
_aIslam and Science. _2BUEsh |
|
| 655 | _vReading book | ||
| 700 | 1 |
_aRizvi, Sadrul Hassan, _eauthor. |
|
| 942 |
_cBB _2ddc |
||
| 999 |
_c3471 _d3471 |
||